000 00425nam a2200169 a 4500
001 0000-9134
003 ELIB.Books
008 110520 1966
035 _a(ELIB.Books)0000-9286
082 _a233
_bLeF
100 _aLeFevre, Perry
245 _aUnderstandings of Man
260 _bPhiladelphia; The Westminster Press
_c1966
650 _aHumankind
942 _2ddc
_cBK
998 _cbat
_e2011-05-20
999 _c9134
_d9134